000 00563cam a2200181 4500500
005 20260405003945.0
041 _afre
042 _adc
100 1 0 _aKlein, Étienne
_eauthor
245 0 0 _aLe libre arbitre, c’est dans la tête ?
260 _c2025.
500 _a46
690 _aÉtienne Klein
690 _aLibre arbitre
690 _aNeuroscience
786 0 _nPhilosophie magazine | 193 | 10 | 2025-10-01 | p. 69-71 | 1951-1787
856 4 1 _uhttps://shs.cairn.info/magazine-philosophie-magazine-2025-10-page-69?lang=fr&redirect-ssocas=7080
999 _c2072433
_d2072433